Farming and ranching risk as influenced by rainfall : III. Rio Grande Plain of Texas /

Bibliographic Details
Main Author: Waldrip, William J. (Author)
Format: Government Document Book
Language:English
Published: College Station, Texas : Texas Agricultural Experiment Station, 1957.
Series:Miscellaneous publication (College Station, Tex.) ; no. 241.
Subjects:
Online Access:Available online via OAK Trust Repository

MARC

Tag First Indicator Second Indicator Subfields
LEADER 00000cam a2200000Ii 4500
001 in00001403049
005 20200330164238.0
008 840725s1957 txua b s000 0 eng d
035 |a (OCoLC)ocm10986926 
040 |a TWT  |b eng  |e rda  |c TWT  |d OCLCQ  |d OCLCO  |d TXA 
035 |a (OCoLC)10986926 
050 4 |a S600.4.T4  |b W35 
086 |a Z TA245.7 M861 no. 241  |2 txdocs 
049 |a TXAM 
100 1 |a Waldrip, William J.,  |e author. 
245 1 0 |a Farming and ranching risk as influenced by rainfall :  |b III. Rio Grande Plain of Texas /  |c William J. Waldrip. 
264 1 |a College Station, Texas :  |b Texas Agricultural Experiment Station,  |c 1957. 
300 |a 35 pages :  |b illustrations ;  |c 28 cm 
336 |a text  |b txt  |2 rdacontent 
337 |a unmediated  |b n  |2 rdamedia 
338 |a volume  |b nc  |2 rdacarrier 
490 1 |a MP ;  |v 241 
500 |a "November 1957." 
500 |a Caption title. 
504 |a Includes bibliographical references (page 5). 
650 0 |a Precipitation (Meteorology)  |x Agriculture  |z Texas. 
650 3 |a risk management 
650 3 |a precipitation 
710 2 |a Texas Agricultural Experiment Station,  |e issuing body. 
830 0 |a Miscellaneous publication (College Station, Tex.) ;  |v no. 241. 
856 4 1 |z Available online via OAK Trust Repository  |u https://oaktrust.library.tamu.edu/handle/1969.1/160648  |t 0 
994 |a C0  |b TXA 
948 |a cataloged  |b h  |c 2020/3/30  |d c  |e zliu  |f 4:42:20 pm 
999 f f |s 70a8bc6f-9be2-34e2-b857-d8617746db12  |i f793619c-a683-3f90-86f1-ef698ef1c34f  |t 0 
952 f f |p normal  |a Texas A&M University  |b College Station  |c Sterling C. Evans Library  |d Evans: Texas Documents (Annex 5th floor)  |t 0  |e Z TA245.7 M681 no.236-285  |h Superintendent of Documents classification  |i unmediated -- volume  |k no.236-285  |l 1957:Oct-1958:June  |m A14816097070 
952 f f |a Texas A&M University  |b College Station  |c Sterling C. Evans Library  |d Evans: Texas Documents (Annex 5th floor)  |t 0  |e Z TA245.7 M681 no.236-285  |h Superintendent of Documents classification 
998 f f |a Z TA245.7 M681 no.236-285  |s 236-246,248-250,254-257,259,260,262,264,266-274,276,277,279-283,285  |t 0  |l Evans: Texas Documents (Annex 5th floor)